| 000 | 00894nam a2200241Ia 4500 | ||
|---|---|---|---|
| 003 | GCL | ||
| 008 | 140319s9999 xx 000 0 ara d | ||
| 040 |
_aGCL / _cGCL |
||
| 082 | 0 | 4 |
_a962.45 _bا س |
| 100 | 1 | _aابوالمعاطى عبدالرحمن | |
| 245 | 1 | 0 |
_aالسودان من انقلاب النيمرى حتى انقلاب البشير (وثائق المعارضة السودانية) كى لا ننسى / _cابوالمعاطى عبدالرحمن |
| 260 |
_a[S.N] : _bمركز الشريف حسين للدراسات السياسية والاس ، _c1994 |
||
| 300 | _a175 ص | ||
| 490 | _a | ||
| 650 | 0 | 4 | _aالعصر الحديث |
| 650 | 0 | 4 | _aتاريخ |
| 650 | 0 | 4 | _aالاحوال السياسية |
| 650 | 0 | 4 | _aالسودان |
| 650 | 0 | 4 | _aالاحوال الاقتصادية |
| 650 | 0 | 4 | _aالانقلابات |
| 650 | 0 | 4 | _aجعفر نميرى |
| 942 |
_2ddc _cBK |
||
| 999 |
_c56069 _d56069 |
||